| 000 | 00738nam a22002177a 4500 | ||
|---|---|---|---|
| 005 | 20251108165857.0 | ||
| 008 | 250721s1998 xx 000 0 ara d | ||
| 020 | _a9770255602 | ||
| 082 | 1 | 4 | _aط/ 590/عبد |
| 100 | 1 | _aعبد الشافي، حسن | |
| 245 | 1 | 0 | _aكيف تنام الحيوانات / |
| 246 | 1 | 3 | _aموسوعة للأطفال تغطي مجالات المعرفة البشرية المختلفة |
| 264 | 1 |
_aالقاهره : _bدار المعارف، _c[1998]. |
|
| 300 | _a16ص.:مص | ||
| 490 | 0 |
_aماذا تعلم عن _v12 |
|
| 650 | 1 | 7 | _aالحيوانات |
| 653 | _aأطفال مرحلة متوسطة (6-9 سنوات) | ||
| 700 | 1 |
_aبدران، منال _eCart. |
|
| 942 |
_2ddc _cBK |
||
| 999 |
_c33642 _d33642 |
||